Martin's big words : (Record no. 1974)

MARC details
000 -LEADER
fixed length control field 01824cam a2200397 a 4500
001 - CONTROL NUMBER
control field 1974
003 - CONTROL NUMBER IDENTIFIER
control field FISKH
005 - DATE AND TIME OF LATEST TRANSACTION
control field 20231024083136.0
008 - FIXED-LENGTH DATA ELEMENTS--GENERAL INFORMATION
fixed length control field 070321s2007 nyua j 000 0deng
010 ## - LIBRARY OF CONGRESS CONTROL NUMBER
LC control number 2007925321
020 ## - INTERNATIONAL STANDARD BOOK NUMBER
International Standard Book Number 9781423106357
020 ## - INTERNATIONAL STANDARD BOOK NUMBER
International Standard Book Number 1423106350
040 ## - CATALOGING SOURCE
Original cataloging agency DLC
Transcribing agency DLC
Modifying agency DLC
Language of cataloging eng
042 ## - AUTHENTICATION CODE
Authentication code pcc
043 ## - GEOGRAPHIC AREA CODE
Geographic area code n-us---
050 00 - LIBRARY OF CONGRESS CALL NUMBER
Classification number E185.97.K5
Item number R36 2007
082 00 - DEWEY DECIMAL CLASSIFICATION NUMBER
Classification number 323/.092
-- B
Edition number 23
100 1# - MAIN ENTRY--PERSONAL NAME
Personal name Rappaport, Doreen.
245 10 - TITLE STATEMENT
Title Martin's big words :
Remainder of title the life of Dr. Martin Luther King, Jr. /
Statement of responsibility, etc. Doreen Rappaport ; illustrated by Bryan Collier.
260 ## - PUBLICATION, DISTRIBUTION, ETC.
Place of publication, distribution, etc. New York :
Name of publisher, distributor, etc. Jump at the Sun,
Date of publication, distribution, etc. 2001.
300 ## - PHYSICAL DESCRIPTION
Extent 40 unnumbered pages :
Other physical details illustrations ;
Dimensions 28 cm
505 ## - FORMATTED CONTENTS NOTE
Formatted contents note O<br/>
520 ## - SUMMARY, ETC.
Summary, etc. Using quotes from some of his beloved speeches, Dr. Martin Luther King, Jr. comes to life in stunning collage art and vibrant watercolor paintings in this profound and important biography about beliefs and dreams and following ones heart. Martin Luther King, Jr. in his own words, will inspire and affect you, too.
521 8# - TARGET AUDIENCE NOTE
Target audience note 610<br/>
Source Lexile AD <br/>
521 8# - TARGET AUDIENCE NOTE
Target audience note O<br/>
Source Raz-Plus<br/>
600 10 - SUBJECT ADDED ENTRY--PERSONAL NAME
Personal name King, Martin Luther,
Titles and other words associated with a name Jr.,
Dates associated with a name 1929-1968
Form subdivision Juvenile literature.
600 10 - SUBJECT ADDED ENTRY--PERSONAL NAME
Personal name King, Martin Luther,
Titles and other words associated with a name Jr.,
Dates associated with a name 1929-1968
Form subdivision Quotations
-- Juvenile literature.
650 #0 - SUBJECT ADDED ENTRY--TOPICAL TERM
Topical term or geographic name entry element African Americans
Form subdivision Biography
-- Juvenile literature.
650 #0 - SUBJECT ADDED ENTRY--TOPICAL TERM
Topical term or geographic name entry element Civil rights workers
Geographic subdivision United States
Form subdivision Biography
-- Juvenile literature.
650 #0 - SUBJECT ADDED ENTRY--TOPICAL TERM
Topical term or geographic name entry element Baptists
Geographic subdivision United States
General subdivision Clergy
Form subdivision Biography
-- Juvenile literature.
650 #0 - SUBJECT ADDED ENTRY--TOPICAL TERM
Topical term or geographic name entry element African Americans
General subdivision Civil rights
-- History
Chronological subdivision 20th century
Form subdivision Juvenile literature.
700 1# - ADDED ENTRY--PERSONAL NAME
Personal name Collier, Bryan,
Relator term illustrator
906 ## - LOCAL DATA ELEMENT F, LDF (RLIN)
a 7
b cbc
c orignew
d 2
e epcn
f 20
g y-gencatlg
942 ## - ADDED ENTRY ELEMENTS (KOHA)
Source of classification or shelving scheme Dewey Decimal Classification
Koha item type Books
Suppress in OPAC No
Holdings
Withdrawn status Lost status Source of classification or shelving scheme Damaged status Not for loan Collection Home library Current library Shelving location Date acquired Total Checkouts Full call number Barcode Date last seen Date last checked out Price effective from Koha item type
    Dewey Decimal Classification     Non-Fiction Footprints International School Library Network Toul Kork Campus Footprints International School Library Network Toul Kork Campus TK Primary Library Room(4th Floor), Bookcase 3&4, Shelves 17-32, Yellow Books 10/24/2023 1 RAP 323.092 E185.K5 FISTK01957 10/17/2025 10/03/2025 10/24/2023 Books